00641cam a2200229ua 4500020001800000020001800018082001900036100002100055245007900076250000600155260005900161300001200220650002300232650001800255650001600273650001800289650001700307650001600324650002500340650002100365650002500386 a81-203-1493-X a9788120335868 a631.45bDAS/HY aDas, Ghanshyam . aHydrology and soil conservation engineering Including watershed management a2 aNew Delhi : bPrentice Hall of India Pvt Ltd. , c2016 a539 ; . aAbstraction losses aFlood routing aHydrographs aPrecipitation aSoil erosion astream flow aTime series analysis awater harvesting awatershed management